000 00326nam a22001457a 4500
008 210608b ||||| |||| 00| 0 eng d
020 _a 9780760746509
041 _aeng
080 _a53
082 _a53
100 _a43
101 _aFIZ
245 _aThe Handy Physics Answer Book
_cP. Erik Gundersen
942 _2udc
_cBK
999 _c58065
_d58065